Gaming Quiz

Random Gaming or Video Games Quiz

Video Game Characters by First Appearance Quiz Stats

 Plays Quiz Updated Apr 15, 2019

Score 0/24 Timer 06:00
3 Plays Today
% Correct
Pac-Man
90.3%
Sonic the Hedgehog
89.8%
Donkey Kong
87.9%
Spyro the Dragon
87.1%
Lara Croft
86.8%
Crash Bandicoot
86.1%
Pikachu
85.9%
Kirby
85.6%
Master Chief
85.6%
Link
82.9%
Ryu
82.6%
Mega Man
82.5%
% Correct
Scorpion
81.4%
Nathan Drake
76%
Cloud Strife
75.1%
Gordon Freeman
72.2%
Samus Aran
72%
Solid Snake
68.9%
Ryu Hayabusa
68.4%
Simon Belmont
65.3%
Guybrush Threepwood
62.9%
The Prince
61.4%
Yoshi
60.8%
Mario
60.4%

You're not logged in!

Compare scores with friends on all Sporcle quizzes.
OR
Log In

Sporcle TV

Today on Sporcle TV


Watch our educational content, quiz creation guides, and fun videos on Sporcle TV.

Show Comments

Extras

Top Quizzes Today


Score Distribution

Your Account Isn't Verified!

In order to create a playlist on Sporcle, you need to verify the email address you used during registration. Go to your Sporcle Settings to finish the process.

Report this User

Report this user for behavior that violates our Community Guidelines.

Details: